La poesía de Rubén Darío (Record no. 137772)

MARC details
000 -LEADER
campo de control de longitud fija 00683nam a2200205 i 4500
001 - NÚMERO DE CONTROL
campo de control 137772
003 - IDENTIFICADOR DE NÚMERO DE CONTROL
campo de control ES-MaACL
005 - FECHA Y HORA DE LA ÚLTIMA TRANSACCIÓN
campo de control 20240223183405.0
007 - CAMPO FIJO DE DESCRIPCIÓN FÍSICA--INFORMACIÓN GENERAL
campo de control de longitud fija t|
008 - DATOS DE LONGITUD FIJA--INFORMACIÓN GENERAL
campo de control de longitud fija 070214s1948 ag r ||||1| spa d
100 1# - ENTRADA PRINCIPAL--NOMBRE DE PERSONA
Nombre de persona Salinas, Pedro,
Fechas asociadas al nombre 1891-1951
9 (RLIN) 101942
245 13 - MENCIÓN DEL TÍTULO
Título La poesía de Rubén Darío
Resto del título : (ensayo sobre el tema y los temas del poeta) /
Mención de responsabilidad, etc. Pedro Salinas.
260 ## - PUBLICACIÓN, DISTRIBUCIÓN, ETC.
Lugar de publicación, distribución, etc. Buenos Aires :
Nombre del editor, distribuidor, etc. Losada,
Fecha de publicación, distribución, etc. 1948.
300 ## - DESCRIPCIÓN FÍSICA
Extensión 294 p. ;
Dimensiones 21 cm.
490 1# - MENCIÓN DE SERIE
Mención de serie Estudios literarios
600 14 - PUNTO DE ACCESO ADICIONAL DE MATERIA--NOMBRE DE PERSONA
Nombre de persona Darío, Rubén,
Fechas asociadas al nombre 1867-1916-
Subdivisión general Crítica e interpretación
9 (RLIN) 42722
830 0# - PUNTO DE ACCESO ADICIONAL DE SERIE-TÍTULO UNIFORME
Título uniforme Estudios literarios
9 (RLIN) 181462
852 ## - LOCALIZACIÓN
Ubicación ES-MaACL
Número de control de estantería D-6982
Sublocalización o colección R.29424
Holdings
Estatus retirado Estado de pérdida Estado de daño No para préstamo Biblioteca de origen Biblioteca actual Ubicación en estantería Fecha de adquisición Fuente de adquisición Total de préstamos Signatura topográfica completa Código de barras Visto por última vez Precio de reemplazo Tipo de ítem Koha
        Biblioteca del Ateneo de Madrid Biblioteca del Ateneo de Madrid Sala Valle Inclán 17/01/2008     D-6982 901143371 23/02/2023 23/02/2023 Libro impreso